000 00777nam a2200253 a 4500
001 BRL_843
005 20190320210924.0
008 181013s1979----u--a######---#000-0#eng-#
020 _a0295956453
041 _aeng
044 _au
050 4 _aE78.N78
_b.S74 1979
100 1 _aStewart, Hilary
_925107
245 1 0 _aLooking at Indian art of the Northwest Coast
_cHilary Stewart.
260 _aSeattle
_bUniversity of Washington Press
_c1979
300 _a111 p.
_bil.
_c23 cm.
500 _aincluye postales con imágenes
500 _aAu973
504 _aBibliografía: p. 110
650 1 4 _aArte indígena
_zCosta Noroeste de América del Norte
_925108
650 1 4 _aPintura
_xIndígenas
_zCosta Noroeste de América del Norte
_925109
902 _aGRL
942 _2lcc
_cB
999 _c9655
_d9655